Countries with the lowest vowel to consonant ratio - Statistics

General Stats
  • This quiz has been taken 315 times
  • The average score is 4 of 10
Answer Stats
Percentage Country % Correct
25 Chad
65%
30 Kyrgyzstan
62%
30 Kazakhstan
53%
27 Switzerland
41%
31 Czech Republic
33%
27 Netherlands
31%
29 Denmark
28%
29 Finland
28%
30 Bangladesh
17%
27 Marshall Islands
15%
No matching quizzes found
Score Distribution
Percent of People with Each Score
Percentile by Number Answered
Your Score History
You have not taken this quiz